000
00314nam a22001337a 4500
008
170602b xxu||||| |||| 00| 0 eng d
020
_a
2700618044233
041
_a
eng
080
_2
4 ED
_a
94
100
_a
17
101
_a
SHH
245
_a
WESTERN CIVILIZATION A BRIEF HISTORY
_c
PERRY.M
942
_2
udc
_c
BK
999
_c
15545
_d
15545